Správne právo hmotné všeobecná časť

Podrobná bibliografia
Hlavní autori: Škultéty, Peter, 1948-2020 (Autor), Machajová, Jozefína, 1949- (Autor), Srebalová, Mária, 1968- (Autor), Tóthová, Katarína, 1940- (Autor), Vrabko, Marián, 1955- (Autor), Zloch, Pavol, 1944- (Autor)
Médium: Kniha
Jazyk:slovenčina
Fyzický popis:221 s. 23 cm
Vydavateľské údaje: Bratislava Univerzita Komenského 2006
ISBN:8071602396
Vydanie:1. vyd., dotl.
Edícia:Učebnice Právnickej fakulty
Predmet:

MARC

LEADER 00000nam a2200000 a 4500
001 vtls008981796
003 SK-MaSNL
005 20260301080952.0
008 160610s2006 xo f p 000 0 slo
015 |a SNBA2007/06-02327 
020 |a 8071602396  |q (brož.) 
035 |a DCD1A993-D9B5-4280-9E75-CC23ACD14ACB 
035 |a urn:nbn:sk:snk-aml4wn 
035 |a urn:nbn:sk:snk-am008w8d 
040 |a SNK  |b slo  |c SNK  |e AACR2 
041 0 |a slo 
044 |a xo  |c SK 
072 7 |a 342  |x Ústavné právo. Správne právo  |2 konspekt 
080 |a 342.9  |2 2001 
080 |a (075.8)  |2 2001 
100 1 |a Škultéty, Peter,  |d 1948-2020  |4 aut  |9 206193 
245 1 0 |a Správne právo hmotné  |b všeobecná časť  |c Peter Škultéty a kolektív 
250 |a 1. vyd., dotl. 
260 |a Bratislava  |b Univerzita Komenského  |c 2006 
300 |a 221 s.  |c 23 cm 
490 1 |a Učebnice Právnickej fakulty 
504 |a Bibliogr. odkazy. Pozn. 
650 0 7 |a správne právo hmotné  |2 SNKPH  |9 2267 
650 0 7 |a Substantive administrative law  |2 SNKPHeng  |9 350555 
655 7 |a učebnice vysokých škôl  |2 SNKPH  |9 70191 
655 7 |a Textbooks (higher)  |2 SNKPHeng  |9 276436 
700 1 |a Machajová, Jozefína,  |d 1949-  |4 aut  |9 39527 
700 1 |a Srebalová, Mária,  |d 1968-  |4 aut  |9 240431 
700 1 |a Tóthová, Katarína,  |d 1940-  |4 aut  |9 201924 
700 1 |a Vrabko, Marián,  |d 1955-  |4 aut  |9 206197 
700 1 |a Zloch, Pavol,  |d 1944-  |4 aut  |9 206199 
810 2 |a Univerzita Komenského v Bratislave.  |b Právnická fakulta  |t Učebnica  |9 333230 
919 |a 80-7160-239-6 
958 |a NB 
999 |c 654617  |d 656547 
952 |a SNK  |b SNK  |y VYP  |7 0  |p 17A0549285  |o snkSC 127616 D1  |i snk2007/10450  |8 0  |0 0  |1 0  |4 0  |d 2007-04-18  |l 0  |r 2026-02-23 18:33:24  |w 2026-02-23 
952 |a SNK  |b SNK  |y PREZ  |7 0  |p 17A0549284  |o snkSC 127616  |i snk2007/10449  |8 0  |0 0  |1 0  |4 0  |d 2007-04-18  |f 1  |l 0  |r 2025-06-16 00:00:00  |w 2026-02-23